Developing and managing community water supplies / (Record no. 791)
[ view plain ]
| 000 -LEADER | |
|---|---|
| fixed length control field | 00629nam a22002177a 4500 |
| 003 - CONTROL NUMBER IDENTIFIER | |
| control field | OSt |
| 005 - DATE AND TIME OF LATEST TRANSACTION | |
| control field | 20141126140933.0 |
| 008 - FIXED-LENGTH DATA ELEMENTS--GENERAL INFORMATION | |
| fixed length control field | 141126b xxu||||| |||| 00| 0 eng d |
| 020 ## - INTERNATIONAL STANDARD BOOK NUMBER | |
| International Standard Book Number | 085598192x |
| 040 ## - CATALOGING SOURCE | |
| Transcribing agency | DNLM |
| 082 ## - DEWEY DECIMAL CLASSIFICATION NUMBER | |
| Classification number | WA 675 D294d 1993 |
| 100 ## - MAIN ENTRY--PERSONAL NAME | |
| Personal name | Davis Jan |
| 9 (RLIN) | 1231 |
| 245 ## - TITLE STATEMENT | |
| Title | Developing and managing community water supplies / |
| Statement of responsibility, etc. | Jan Davis and Gerry Garvey, with Micheal Wood |
| 260 ## - PUBLICATION, DISTRIBUTION, ETC. (IMPRINT) | |
| Place of publication, distribution, etc. | UK: |
| Name of publisher, distributor, etc. | Oxfarm; |
| Date of publication, distribution, etc. | 1993. |
| 300 ## - PHYSICAL DESCRIPTION | |
| Extent | vi, 178 p : |
| Other physical details | ill; |
| Dimensions | 27 cm. |
| 504 ## - BIBLIOGRAPHY, ETC. NOTE | |
| Bibliography, etc | Includes index. |
| 650 ## - SUBJECT ADDED ENTRY--TOPICAL TERM | |
| Topical term or geographic name as entry element | Managing community water |
| 9 (RLIN) | 2133 |
| 700 ## - ADDED ENTRY--PERSONAL NAME | |
| Personal name | Garvey Gerry |
| 9 (RLIN) | 1233 |
| 700 ## - ADDED ENTRY--PERSONAL NAME | |
| Personal name | Wood Michael |
| 9 (RLIN) | 1234 |
| 942 ## - ADDED ENTRY ELEMENTS (KOHA) | |
| Source of classification or shelving scheme | Other/Generic Classification Scheme |
| Koha item type | Short Loan |
| Withdrawn status | Lost status | Source of classification or shelving scheme | Damaged status | Not for loan | Home library | Current library | Date acquired | Source of acquisition | Inventory number | Total Checkouts | Full call number | Barcode | Date last seen | Price effective from | Koha item type |
|---|---|---|---|---|---|---|---|---|---|---|---|---|---|---|---|
| Other/Generic Classification Scheme | MUST Main Library | MUST Main Library | 26/11/2014 | 2002/17771 | WA 675 D294d 1993 | 2014-3414 | 26/11/2014 | 26/11/2014 | Short Loan |
